LEADER 00962nam0-2200361---450- 001 990008346480403321 005 20100518101343.0 010 $a88-212-0780-3 035 $a000834648 035 $aFED01000834648 035 $a(Aleph)000834648FED01 035 $a000834648 100 $a20060619d1980----km-y0itay50------ba 101 0 $aita 102 $aIT 105 $aa-------001yy 200 1 $a<>tossicodipendenze$fPier Francesco Mannaioni 210 $aPadova$cPiccin$d1980 215 $aXII, 304 p.$cill.$d21 cm 610 0 $aTossicomania 676 $a613.8 700 1$aMannaioni,$bPier Francesco$099765 801 0$aIT$bUNINA$gRICA$2UNIMARC 901 $aBK 912 $a990008346480403321 952 $aIG 16 E 47$b2491$fDMIGI 952 $a80 XXIV 81 CFT (14)$bCFT 7151$fFFABC 952 $a90 R 12c 6$b461$fFMEBC 959 $aFFABC 959 $aDMIGI 959 $aFMEBC 996 $aTossicodipendenze$9722334 997 $aUNINA LEADER 02528nam 2200637Ia 450 001 9910455107103321 005 20200520144314.0 010 $a1-282-38448-1 010 $a9786612384486 010 $a1-905356-81-1 035 $a(CKB)1000000000765274 035 $a(EBL)480392 035 $a(OCoLC)609854805 035 $a(SSID)ssj0000672562 035 $a(PQKBManifestationID)11402307 035 $a(PQKBTitleCode)TC0000672562 035 $a(PQKBWorkID)10635733 035 $a(PQKB)11017709 035 $a(MiAaPQ)EBC480392 035 $a(WaSeSS)IndRDA00115664 035 $a(CaSebORM)9781849281409 035 $a(Au-PeEL)EBL480392 035 $a(CaPaEBR)ebr10438083 035 $a(CaONFJC)MIL238448 035 $a(EXLCZ)991000000000765274 100 $a20100619d2009 uy 0 101 0 $aeng 135 $aur|n|---||||| 181 $ctxt 182 $cc 183 $acr 200 10$aBuilding a high-performance team$b[electronic resource] $eproven techniques for effective team working /$fSarah Cook 205 $a1st edition 210 $aEly, U.K. $cIT Governance$d2009 215 $a1 online resource (124 p.) 225 0 $aSofts skills for IT professionals 300 $aDescription based upon print version of record. 311 $a1-84928-140-8 311 $a1-905356-80-3 320 $aIncludes bibliographical references. 327 $aFOREWORD; PREFACE; ABOUT THE AUTHOR; ACKNOWLEDGEMENTS; CONTENTS; INTRODUCTION; CHAPTER 1: CHARACTERISTICS OF A HIGH-PERFORMANCE TEAM; CHAPTER 2: THE STAGES OF TEAM DEVELOPMENT; CHAPTER 3: ROLES PEOPLE PLAY IN A TEAM; CHAPTER 4: CREATING A TEAM VISION AND A SET OF VALUES; CHAPTER 5: EFFECTIVE TEAM MEETINGS; CHAPTER 6: DEALING WITH CONFLICT IN A TEAM; CHAPTER 7: CROSS-FUNCTIONAL TEAM WORKING; BIBLIOGRAPHY; GLOSSARY; ITG RESOURCES 330 $aBuilding a High-Performance Team is intended to provide IT managers with informative and practical advice and tips on how to create a high-performance team. 606 $aTeams in the workplace$xManagement 606 $aElectronic data processing departments$xManagement 608 $aElectronic books. 615 0$aTeams in the workplace$xManagement. 615 0$aElectronic data processing departments$xManagement. 676 $a658.4/022 700 $aCook$b Sarah$0119825 801 0$bMiAaPQ 801 1$bMiAaPQ 801 2$bMiAaPQ 906 $aBOOK 912 $a9910455107103321 996 $aBuilding a high-performance team$92247817 997 $aUNINA LEADER 00888nam0-22002531i-450 001 990007481430403321 005 20220803103922.0 035 $a000748143 100 $a20030814d1978----km-y0itay50------ba 101 0 $aita 102 $aIT 105 $ay-------001yy 200 1 $aProgetto speciale area metropolitana di Napoli$eimpostazione tecnico - progettuale di base e proposta di primo intervento per il 1978$fCassa per il Mezzogiorno 210 $aRoma$cCassa per il Mezzogiorno$d1978 215 $a44 p.$d31 cm 610 0 $aNapoli$aArea metropolitana 710 02$aCassa per opere straordinarie di pubblico interesse nell'Italia meridionale$0287783 801 0$aIT$bUNINA$gRICA$2UNIMARC 901 $aBK 912 $a990007481430403321 952 $aB-It 0085$bI.G.2668$fILFGE 959 $aILFGE 996 $aProgetto speciale area metropolitana di Napoli$9674854 997 $aUNINA